000 01029cam a2200265 a 4500
001 13834530
005 20250122165309.0
008 050107s2006 ohua b 001 0 eng
020 _a0324233108
020 _a9780324233100
050 0 0 _aHF5686.C8
_bH239 2006
100 1 _aHansen, Don R.
245 1 0 _aCost management :
_baccounting and control, 5e /
_cDon R. Hansen, Maryanne M. Mowen.
250 _a5th ed.
260 _aMason, Ohio :
_bThomson/South-Western,
_cc2006.
300 _axxvii, 1004 p. :
_bcol. ill. ;
_c29 cm.
650 0 _aCost accounting.
650 0 _aActivity-based costing.
650 0 _aManagerial accounting.
700 1 _aMowen, Maryanne M.
856 4 2 _3Publisher description
_uhttp://www.loc.gov/catdir/enhancements/fy1215/2005920267-d.html
856 4 1 _3Table of contents only
_uhttp://www.loc.gov/catdir/enhancements/fy1215/2005920267-t.html
856 4 2 _3Contributor biographical information
_uhttp://www.loc.gov/catdir/enhancements/fy1302/2005920267-b.html
942 _2lcc
_cBK
_e5th Ed.
_n0
999 _c2832
_d2832